书目信息 |
| 题名: |
水处理药剂及材料实用手册
|
|
| 作者: | 祁鲁梁 主编 | |
| 分册: | ||
| 出版信息: | 北京 中国石化出版社 2000.03 |
|
| 页数: | 635页 | |
| 开本: | 16开 | |
| 丛书名: | ||
| 单 册: | ||
| 中图分类: | TU991.2 | |
| 科图分类: | ||
| 主题词: | 给水工程:市政工程 , 城市供水系统 | |
| 电子资源: | ||
| ISBN: | 7-80043-878-3 | |
| 000 | 00628nam0 2200205 45 | |
| 001 | 0010091628 | |
| 005 | 20001118113043.2 | |
| 010 | @a7-80043-878-3@d78.00元 | |
| 100 | @a20001009d2000 km y0chiy0120 ea | |
| 101 | 0 | @achi |
| 105 | @a z 000yy | |
| 200 | 1 | @a水处理药剂及材料实用手册@AShui Chu Li Yao Ji Ji Cai Liao Shi Yong Shou Ce@f祁鲁梁等主编@FQi Lu Liang Deng Zhu Bian |
| 210 | @a北京@c中国石化出版社@d2000.03 | |
| 215 | @a635页@d16开 | |
| 606 | 0 | @a给水工程:市政工程 |
| 606 | 0 | @a城市供水系统 |
| 690 | @aTU991.2@v3 | |
| 701 | 0 | @a祁鲁梁@4主编 |
| 801 | @aCN@bPftUser@c20001009 | |
| 905 | @dTU991.2@eQ453@b412582-583@f2 | |
| 水处理药剂及材料实用手册/祁鲁梁等主编.-北京:中国石化出版社,2000.03 |
| 635页;16开 |
| ISBN 7-80043-878-3:78.00元 |
| ● |
| 相关链接 |
|
|
|
正题名:水处理药剂及材料实用手册
索取号:TU991.2/Q453
 
预约/预借
| 序号 | 登录号 | 条形码 | 馆藏地/架位号 | 状态 | 备注 |
| 1 | 412582 | 204125829 | 自科二线404/404自科库 20排4列5层/ [索取号:TU991.2/Q453] | 在馆 | |
| 2 | 412583 | 204125838 | 自科二线404/404自科库 20排4列5层/ [索取号:TU991.2/Q453] | 在馆 |